1587 1992 1046 1983 1304 1677 1995 1319 1746 1385 1969 1529 1523 1828 1244 1917 1007 1741 1844 1090 1005 1262 1634 1506 1757 1289 1982 1845 1786 1776 1785 1861 1601 1847 1324 1592 1705 1329 1436 1718 1725 1919 1825 1210 1435 1640 1679 1011 1102 1724 1796 1755 1171 1839 1919 1800 1564 1350 1481 2000 1548 1135 1140 1506 1005 1668 1547 1301 1507 1324 1697 1069 1842 1649 1981 1238 1288 1755 1520 1671 1491 1326 1762 1756 1768 1695 1203 1725 1183 1367 1022 1691 1978 1739 1706 1023 1749 1235 1978 BCNSPRNW ULIB Ver.6.0+V

เปลี่ยนเป็นภาษาไทย

Change to English
 แสดงรายละเอียดบรรณานุกรม
  กลับหน้าหลัก

Brief Record : Get Marc (ISO 2709) : E-mail record : QR code < ปิดหน้าต่าง
LEADER : 00000nam 2200000uu 4500
001    13399122330
003     ULIB
008    130212s2553||||th 000 0 tha d
020    ^a9786165000499
090    ^aนว.^bร147ก
100 0  ^aร่มแก้ว
245 00 ^aกับดักรักลวง/^cร่มแก้ว
250    ^aพิมพ์ครั้งที่ 2
260    ^aกรุงเทพฯ :^bพิมพ์คำ,^c2553
300    ^a339 หน้า
945    ^p240^l0^i028049
995    ^aทศพร
999    ^aเกษร โพธิ์สุวรรณ
รายการนี้ยังไม่มีแท็ก
คุณยังไม่ได้ล็อกอิน คุณสามารถมีกิจกรรมร่วมกับเว็บไซต์ได้ แต่ต้องล็อกอินก่อน ::
  ล็อกอิน

รายการสื่อสารสนเทศ

ลำดับที่ ประเภท เลขเรียก/บาร์โค้ด สถานที่ สถานะ
1. นวนิยาย
นวนิยาย
นว. ร147ก ฉ.1 
  Barcode: 028049
ห้องสมุดวิทยาเขตสวรรค์ประชารักษ์
►นวนิยาย
บนชั้น
  ขอยืม

รายการใกล้เคียง
    ผู้แต่ง [ร่มแก้ว]

BibComment


ยังไม่เคยถูกคอมเมนท์

คอมเมนท์ทรัพยากรรายการนี้
  คอมเมนท์: กับดักรักลวง ร่ม..


 Copyright 2026. Bcnsprnw @Library